Zafar and the Raj : (Record no. 84471)

MARC details
000 -LEADER
fixed length control field 01001nam a22002537a 4500
005 - DATE AND TIME OF LATEST TRANSACTION
control field 20180306144005.0
010 ## - LCCN (DPL NO)
LC control number ENG-110065
020 ## - INTERNATIONAL STANDARD BOOK NUMBER
International Standard Book Number 9789380607733
Terms of availability 850.00
035 ## - SYSTEM CONTROL NUMBER
System control number EN-93598
035 ## - SYSTEM CONTROL NUMBER
System control number B-689646
037 ## - SOURCE OF ACQUISITION
Source of stock number/acquisition DBAD/PUB
037 ## - SOURCE OF ACQUISITION
Source of stock number/acquisition Aakar
082 ## - DEWEY DECIMAL CLASSIFICATION NUMBER
Classification number 954.0317
100 ## - MAIN ENTRY--PERSONAL NAME
Personal name Farooqui, Amar
245 ## - TITLE STATEMENT
Title Zafar and the Raj :
Statement of responsibility, etc by Amar Farooqui
Remainder of title Anglo-Mughal Delhi, c.1800-1850 /
260 ## - PUBLICATION, DISTRIBUTION, ETC. (IMPRINT)
Place of publication, distribution, etc Delhi
Name of publisher, distributor, etc Primus Books
Date of publication, distribution, etc 2013
270 ## - ADDRESS
Address Virat Bhavan, Mukherjee Nagar Commercial Complex
City Delhi
Postal code 110009
300 ## - PHYSICAL DESCRIPTION
Extent xi,219p.
Dimensions 24cm(Hb)
500 ## - GENERAL NOTE
General note Includes bibliographical references (pages 207-213) and index.
505 ## - FORMATTED CONTENTS NOTE
Formatted contents note Part. 1. The new Mughal dispensation -- part. 2. Constraints and possibilities, 1837-1857 -- part. 3. Ghadar, 1857.
600 ## - SUBJECT ADDED ENTRY--PERSONAL NAME
Personal name Muhammad Bahadur Shah
Numeration II
Dates associated with a name 1775-1862.
942 ## - ADDED ENTRY ELEMENTS (KOHA)
Source of classification or shelving scheme Dewey Decimal Classification
Item type English Books
Call number suffix FAR
Classification part 954.0317
Holdings
Withdrawn status Lost status Not for loan Collection code Home library Current library Date acquired Source of acquisition Cost, normal purchase price Full call number Barcode Copy number Cost, replacement price Koha item type
    Not For Loan Reference Central Library Central Library 06/03/2018 Aakar/I-2742/22.2.18/EN/SPl/2017-18/889/21.2.2018/22.02.2018 850.00 954.0317 FAR B-689646 1 850.00 Reference Books
    Not For Loan Non-fiction D.B.Act.Division D.B.Act.Division 22/05/2014 DBAD/PUB 850.00 954.0317 FAR EN-93598 1 850.00 English Books

© Delhi Public Library
Hit Counter
free hit counter